Los claustros de Pamplona (Record no. 165244)

MARC details
000 -LEADER
campo de control de longitud fija 00928nam a22002295i 4500
001 - NÚMERO DE CONTROL
campo de control 165244
003 - IDENTIFICADOR DE NÚMERO DE CONTROL
campo de control ES-MaACL
005 - FECHA Y HORA DE LA ÚLTIMA TRANSACCIÓN
campo de control 20230906213108.0
008 - DATOS DE LONGITUD FIJA--INFORMACIÓN GENERAL
campo de control de longitud fija 050905s1901 sp af | |||||||| ||spa d
040 ## - FUENTE DE CATALOGACIÓN
Centro catalogador/agencia de origen CAM
Lengua de catalogación spa
Centro/agencia transcriptor CAM
080 ## - NÚMERO DE LA CLASIFICACIÓN DECIMAL UNIVERSAL
Número de la Clasificación Decimal Universal 726.591.3(460)
080 ## - NÚMERO DE LA CLASIFICACIÓN DECIMAL UNIVERSAL
Número de la Clasificación Decimal Universal 726.597(460.16 P.)
100 1# - ENTRADA PRINCIPAL--NOMBRE DE PERSONA
Nombre de persona Serrano Fatigati, Enrique.
9 (RLIN) 132669
245 14 - MENCIÓN DEL TÍTULO
Título Los claustros de Pamplona
Resto del título ; Sillerías de coro españolas /
Mención de responsabilidad, etc. por Enrique Serrano Fagitati.
260 ## - PUBLICACIÓN, DISTRIBUCIÓN, ETC.
Lugar de publicación, distribución, etc. Madrid :
Nombre del editor, distribuidor, etc. [s.n.],
Fecha de publicación, distribución, etc. 1901 (
Fabricante Imp. de San Francisco de Sales)
300 ## - DESCRIPCIÓN FÍSICA
Extensión 16 p., [7] h. de lám. ;
Dimensiones 28 cm.
594 ## - Nota al título y mención de responsabilidad
Nota al título y mención de responsabilidad Precede al tít.: Notas arqueológicas.
650 #4 - PUNTO DE ACCESO ADICIONAL DE MATERIA--TÉRMINO DE MATERIA
Término de materia o nombre geográfico como elemento de entrada Sillerías de coro-
Subdivisión geográfica España.
9 (RLIN) 149890
650 #4 - PUNTO DE ACCESO ADICIONAL DE MATERIA--TÉRMINO DE MATERIA
Término de materia o nombre geográfico como elemento de entrada Claustros-
Subdivisión general Catedral de Pamplona.
9 (RLIN) 149891
700 1# - ENTRADA AGREGADA--NOMBRE PERSONAL
Nombre de persona Serrano Fatigati, Enrique.
Título de la obra Sillerías de coro españolas.
9 (RLIN) 132670
852 ## - LOCALIZACIÓN
Ubicación ES-MaACL
Número de control de estantería T-996-F-3
Nota libre -- Enc. hol., conservando la cub. original
-- -- Enc. en un vol. facticio
Holdings
Estatus retirado Estado de pérdida Estado de daño No para préstamo Colección Biblioteca de origen Biblioteca actual Ubicación en estantería Fecha de adquisición Total de préstamos Signatura topográfica completa Código de barras Visto por última vez Precio de reemplazo Tipo de ítem Koha
        Colección de folletos Biblioteca del Ateneo de Madrid Biblioteca del Ateneo de Madrid Depósito folletos 17/01/2008   T-996-F-3 1173275 23/02/2023 23/02/2023 Folleto